Football clubs: guess the country V - Statistics

General Stats
  • This quiz has been taken 27 times
  • The average score is 11 of 20
Answer Stats
Football team Country % Correct
Sevilla Spain
100%
Independiente Medellín Colombia
92%
Genoa Cricket and Football Club Italy
92%
Werder Bremen Germany
88%
Malmö Fotbollförening Sweden
83%
Lech Poznan Poland
79%
Silkeborg IF Denmark
75%
Atlético Petróleos de Luanda Angola
67%
Al-Wahda San'a Yemen
67%
PFC Cherno More Varna Bulgaria
63%
FC Instrumentalshchik Bishkek Kyrgyzstan
63%
Vojvodina Serbia
58%
Volgar Astrakhan‎ Russia
50%
Northwich Victoria England
46%
FK Detonit Plačkovica North Macedonia
33%
Qizilqum Zarafshon Uzbekistan
33%
Tropical Laundries Pride of Gall Hill Barbados
13%
Asset Gobongo Central African Republic
13%
Cóndor Ecuador
13%
Magic Cannons Ghana
0%
No matching quizzes found
Score Distribution
Percent of People with Each Score
Percentile by Number Answered
Your Score History
You have not taken this quiz